Drawn Flags #1 - Statistics

General Stats
  • This quiz has been taken 55 times
  • The average score is 15 of 16
Answer Stats
Picture Answer % Correct
United States
100%
Brazil
95%
Canada
95%
France
95%
Japan
95%
Poland
95%
Sweden
95%
Chile
93%
Germany
93%
Greece
93%
Russia
93%
Estonia
88%
Cuba
86%
Morocco
86%
Bosnia and Herzegovina
83%
Latvia
76%
No matching quizzes found
Score Distribution
Percent of People with Each Score
Percentile by Number Answered
Your Score History
You have not taken this quiz